| 000 | 00648nam a22002057a 4500 | ||
|---|---|---|---|
| 999 |
_c138024 _d138024 |
||
| 005 | 20181205151608.0 | ||
| 010 | _aENG-117407 | ||
| 020 |
_a8171981798 _c250.00 |
||
| 035 | _aEN-100939 | ||
| 037 | _bDBAD/PUB | ||
| 082 | _a338.5024658 | ||
| 100 | _aChaturvedi, D. D. | ||
| 245 |
_aManagerial economics / _cby D.D. Chaturvedi, Arjun Mittal [and] Rasleen Kaur |
||
| 260 |
_aIndirapuram _bMayur Paperbacks _c2017 |
||
| 270 |
_aSRB43A, Shipra Riviera Gyan Khand 3 _bIndirapuram _e201014 |
||
| 300 |
_aviii, 288p. _bill _c24cm(pbk) |
||
| 700 | _aMittal,Arjun | ||
| 700 | _a Rasleen Kaur | ||
| 942 |
_2ddc _cEN _h338.5024658 _mCHA |
||